| 000 | 01376cam a22003854a 4500 | ||
|---|---|---|---|
| 999 |
_c528247 _d528247 |
||
| 001 | 14175587 | ||
| 003 | NUST | ||
| 005 | 20190904103936.0 | ||
| 008 | 051121s2006 dcu b i001 0 eng | ||
| 010 | _a 2005057742 | ||
| 015 |
_aGBA649522 _2bnb |
||
| 016 | 7 |
_a013475678 _2Uk |
|
| 020 | _a0821364685 | ||
| 020 | _a9780821364680 | ||
| 020 | _a9780821364680 | ||
| 035 | _a(OCoLC)ocm62341641 | ||
| 035 | _a(OCoLC)62341641 | ||
| 038 | _aM.Sohail | ||
| 040 |
_aDLC _cDLC _dBAKER _dUKM _dC#P _dYDXCP _dCOO _dDLC |
||
| 042 | _apcc | ||
| 050 | 0 | 0 |
_aK3871.3 _b.L36 2006 |
| 082 | 0 | 0 |
_a346.044 _222 _bBRU |
| 100 |
_aJohn W. Bruce _919938 |
||
| 245 | 0 | 0 |
_aLand law reform : _bachieving development policy objectives / _cJohn W. Bruce ... [et al.]. |
| 260 |
_aWashington, D.C. : _bWorld Bank, _cc2006. |
||
| 300 |
_axvi, 259 p. ; _c23 cm. |
||
| 440 | 0 |
_aLaw, justice, and development _919939 |
|
| 504 | _aIncludes bibliographical references (p. 231-248) and index. | ||
| 650 | 0 |
_aLand reform _xLaw and legislation. _919940 |
|
| 700 | 1 |
_aBruce, John W. _919941 |
|
| 856 | 4 | 1 |
_3Table of contents only _uhttp://www.loc.gov/catdir/toc/fy0704/2005057742.html |
| 906 |
_a7 _bcbc _corignew _d1 _eocip _f20 _gy-gencatlg |
||
| 942 |
_2ddc _cBK |
||